Personaggi dei Griffin - Statistics

Statistiche generali
  • Questo quiz è stato fatto 35 volte
  • Il punteggio medio è 14 su 70
Statistiche sulle risposte
Risposta % Corretto
Peter Griffin
100%
Lois Griffin
97%
Stewie Griffin
90%
Chris Griffin
87%
Meg Griffin
84%
Brian Griffin
77%
Glenn Quagmire
71%
Cleveland Brown
58%
Cleveland Brown Jr
58%
Joe Swanson
58%
Bonnie Swanson
55%
Brenda Quagmire
45%
Crystal Quagmire
45%
Dan Quagmire/Ida Davis
45%
Kevin Swanson
39%
Loretta Brown
39%
Nate Griffin
39%
Francis Griffin
35%
Thelma Griffin
35%
Vinny Griffin
35%
Adam West
19%
John Herbert
16%
Tom Tucker
16%
Angela
13%
Barbara Pewterschmidt
13%
Carol Pewterschmidt
13%
Carter Pewterschmidt
13%
Dottor Hartman
13%
Jake Tucker
13%
Jerome
13%
Patrick Pewterschmidt
13%
Connie D'Amico
10%
Al Harrington
6%
Bertram
6%
Diane Simmons
6%
Jillian Russel
6%
Jonathan Weed
6%
Mort Goldman
6%
Neil Goldman
6%
Preside Shepherd
6%
Preston Lloyd
6%
Tricia Takanawa
6%
Bruce
3%
Consuela
3%
Ernie
3%
James Woods
3%
La scimmia cattiva
3%
Muriel Goldman
3%
Bellgarde
0%
Carl
0%
Derek Wilcox
0%
Gesù Cristo
0%
Gina
0%
Horace
0%
Jasper
0%
Jeff Merdoso
0%
Jeffrey
0%
Jesse
0%
Jim Kaplan
0%
Joyce Kinney
0%
Lawrence
0%
Mickey McFinnigan
0%
Morte
0%
Olivia Fuller
0%
Ollie Williams
0%
Retep Niffirg
0%
Seamus Levine
0%
Stella
0%
Stewie Malvagio
0%
Tomak
0%
Nessun quiz corrispondente trovato
Distribuzione punteggi
Percentuale di utenti per punteggio
Percentile per numero di risposta
I tuoi punteggi nel tempo
Non hai fatto questo quiz